NBA Connais-tu vraiment cette ligue ? #2 - Statistiques

Statistiques générales
  • Ce quiz a été pris 31 fois
  • Le résultat moyen est 5 sur 8
Statistiques - réponses
Question Réponse % Correct
Lequel de ces joueurs n'est pas un joueur français ? Jayson Tatum
100%
Combien de temps dure un quart temps en NBA ? 12 minutes
93%
Quel joueur a marqué le plus grand nombre de points lors d'un match NBA ? Wilt Chamberlain
83%
En quelle saison la NBA a t-elle introduit le tir à 3 points ? 1979-1980
66%
En quelle année créa t-il ce sport ? 1891
59%
Qui créa le basketball ? James Naismith
59%
Dans la saison 2025-2026, combien y a t-il de joueurs français en NBA ? 19
38%
Qui fut MVP de la saison 2011-2012 ? LeBron James
38%
Aucun quiz correspondant
Distribution des résultats
% des personnes avec chaque résultat
Percentile par nombre de réponses
Votre historique - résultats
Vous n’avez pas pris ce quiz